| 000 | 00516cam a2200205ua 4500 | ||
|---|---|---|---|
| 020 | _c140.00 | ||
| 041 |
_aeng _h |
||
| 082 |
_a543.07 _bGUR/In |
||
| 100 | _aChatwal, Gurdeep. | ||
| 245 |
_aInstrumental methods of chemical analysis / _cChatwal Gurdeep. _hTextual Documents |
||
| 250 |
_a1 / _b. |
||
| 260 |
_aMumbai : _bHimalaya Publishers , _c1996. |
||
| 300 | _a670 ; . | ||
| 365 | _a140.00 | ||
| 500 | _a19140, CSS | ||
| 504 | _a | ||
| 700 | 1 | _aAnand, Sham. | |
| 942 | _cBK | ||
| 999 |
_c7189 _d7189 |
||